000 00615ntaaa2200193 4500
003 01
005 20251027202520.0
008 0714s1973 ag 01
040 _aAR-BaBN
_bspa
_cAR-BaBN
_eaacr
_dRIC
082 _a227.0200 V71
100 _aVillar, Julio A.
_924131
245 _aDesarrollo y formulaciones do libertad enel concepto de Pablo.
250 _a1 ed.
260 _aBuenos Aires :
_bSeminarion Internacional Teologico Bautista,
_c1959
300 _a66p.
500 _aTesis presentada para obtener el titulo de Licenciado en teologia en este Seminario
650 _aPablo Libertad
_924132
942 _cBK
999 _c20190
_d20190